000 00468nam a22001577a 4500
999 _c523432
_d523432
020 _a9789384052768
082 _aK95 D851
100 _aDubey, Sanjiva S.
_940007
245 _aLife is limited live unlimited
_cby Sanjiva S. Dubey
260 _aNew Delhi
_bBloomsbury
_c2014
300 _a193p.
650 _aLifestyle - Well being
_940008
650 _aSelf- actualization
_940009
650 _aSelf culture
_940010
650 _aSelf help & personal development
_940011